00718nam a2200229 a 4500001001300000003000900013005001700022008004100039020001000080082001400090245002900104260004900133300000800182500003500190505005800225650003000283710003000313902000800343942000700351952011500358999001500473nice12345678IN_TiNIC20260116012853.0050524s1982 swia grp 000 0 eng  ac10000a025bWCC1 aDirectory of Stuy Centre aSwitzerlandbWorld Council of Churchesc1982 a83p aincludes index and biblioraphy2 apresented to Hakee Abdul Hameed on his 75th Birthday. aWorld Council of Churches2 aWorld Council of Churches bSRS cBK 001040708StackRoom-aHMIbHMId2008-04-21g100.00l0o025 WCC1p010604r2008-04-21v100.00w2005-05-24yBK c8717d8717